MyGZULibrary

A Mind of your own : (Record no. 182)

MARC details
000 -LEADER
fixed length control field 00865cam a2200265 a 4500
001 - CONTROL NUMBER
control field 11983428
003 - CONTROL NUMBER IDENTIFIER
control field GZU
005 - DATE AND TIME OF LATEST TRANSACTION
control field 20200708092630.0
008 - FIXED-LENGTH DATA ELEMENTS--GENERAL INFORMATION
fixed length control field 000422s1998 enk 001 0 eng
010 ## - LIBRARY OF CONGRESS CONTROL NUMBER
LC control number 00304285
020 ## - INTERNATIONAL STANDARD BOOK NUMBER
International Standard Book Number 0006530192
040 ## - CATALOGING SOURCE
Original cataloging agency DLC
Transcribing agency DLC
Modifying agency DLC
050 00 - LIBRARY OF CONGRESS CALL NUMBER
Classification number BF637.C5
Item number S544 1998
082 00 - DEWEY DECIMAL CLASSIFICATION NUMBER
Classification number 158
Edition number 21
100 1# - MAIN ENTRY--PERSONAL NAME
Personal name Shine, Betty.
245 12 - TITLE STATEMENT
Title A Mind of your own :
Remainder of title a book for life /
Statement of responsibility, etc. Betty Shine.
260 ## - PUBLICATION, DISTRIBUTION, ETC.
Place of publication, distribution, etc. London :
Name of publisher, distributor, etc. HarperCollins ,
Date of publication, distribution, etc. 1998.
300 ## - PHYSICAL DESCRIPTION
Extent 201, [201] p. ;
Dimensions 20 cm.
500 ## - GENERAL NOTE
General note Includes index.
650 #0 - SUBJECT ADDED ENTRY--TOPICAL TERM
Topical term or geographic name entry element Conduct of life.
856 42 - ELECTRONIC LOCATION AND ACCESS
Materials specified Publisher description
Uniform Resource Identifier <a href="http://www.loc.gov/catdir/enhancements/fy0727/00304285-d.html">http://www.loc.gov/catdir/enhancements/fy0727/00304285-d.html</a>
906 ## - LOCAL DATA ELEMENT F, LDF (RLIN)
a 7
b cbc
c orignew
d 3
e ncip
f 20
g y-gencatlg
942 ## - ADDED ENTRY ELEMENTS (KOHA)
Source of classification or shelving scheme Library of Congress Classification
Koha item type Books
Classification part 637.C5
Item part SHI
Call number prefix BF
Call number suffix 1998
Holdings
Withdrawn status Lost status Damaged status Not for loan Collection code Home library Current library Shelving location Date acquired Total Checkouts Full call number Barcode Date last seen Copy number Price effective from Koha item type
        Non-fiction City Campus Library City Campus Library General Stacks 07/08/2020   BF637.C5 SHI 1998 024952 07/08/2020 c.1 07/08/2020 Books